| 000 | 01134nam0a2200289 4500 | ||
|---|---|---|---|
| 001 | RU\NLR\bibl\962232 | ||
| 005 | 20250614204508.0 | ||
| 010 |
_a5-9533-1370-5 _95000 |
||
| 021 |
_aRU _b2006-31835 _91590 |
||
| 035 | _a(NLR Aleph) 000950256 | ||
| 090 |
_a275177 _c275177 |
||
| 100 | _a20060628d2006 |||y0rusy50 ca | ||
| 101 | 0 | _arus | |
| 102 | _aRU | ||
| 105 | _ay ||||||||| | ||
| 200 | 1 |
_aСтавка больше, чем жизнь _eповести _fАнджей Збых |
|
| 210 |
_aМосква _cВече _d2006 |
||
| 215 |
_a316,[2] с. _d21 |
||
| 225 | 1 |
_aЗарубежные военные приключения _fсост. К.В. Горбылева, Д.С. Федотов |
|
| 327 | 1 | _aСодерж.: Железный крест; Кафе Росе; Двойной Нельсон; Операция "Дубовый лист"; Осада; Разыскивается группенфюрер Вольф | |
| 686 | _aШ6(4П)77-446{Лх1129-60} | ||
| 700 | 1 |
_aЗбых _bА. _gАнджей _4070 |
|
| 801 | 0 |
_aRU _bNLR _c20060628 _grcr |
|
| 801 | 1 |
_aRU _bNLR _c20060628 |
|
| 942 | _cBOOK | ||
| 980 | _aNB | ||